The method of Descartes: a study of the regulae

Uloženo v:
Podrobná bibliografie
Hlavní autor: Beck, L. J (Autor)
Médium: Kniha
Jazyk:angličtina
Vydáno: Londres Oxford University 1952
Témata:
Tagy: Přidat tag
Žádné tagy, Buďte první, kdo vytvoří štítek k tomuto záznamu!

MARC

LEADER 00000nam a2200000 a 4500
001 UCZ4705
003 CL-VaPUC
008 951110e19520000UK |||||||||||||||||eng|d
082 0 4 |a 121  |b BEC  |2 21 
100 0 |a Beck, L. J  |e author  |9 348718 
245 1 4 |a The method of Descartes: a study of the regulae 
300 |a 316 p 
942 |c BK 
945 |d 19951110 00:00:00  |a lriquelm 
260 |a Londres  |b Oxford University  |c 1952 
650 0 |a Teoría del conocimiento   |9 255038 
650 0 |a Epistemología   |9 264994 
650 0 |a Racionalismo  |9 259116 
650 0 |a Razón   |9 314475 
650 0 |a Lógica  |9 256849 
650 0 |a Métodos de investigación   |9 262618 
650 0 |a Intuición  |9 333290 
650 7 |a FILOSOFAI DE LAS CIENCIAS  |2 CL-VaPUC  |9 348719 
583 |a last modification  |c 19951110 00:00:00  |k Rodrigo Vera 
999 |c 241072  |d 241070 
952 |0 0  |1 0  |4 0  |6 121_000000000000000_BEC_1952  |7 0  |8 P  |9 253223  |a BIBEDU  |b BIBEDU  |c BIBEDU_PB  |d 2019-11-19  |i 1597485  |o 121 BEC 1952  |p 1597485  |r 2024-01-25  |w 2019-11-19  |y BK  |k FIL